Gaming Quiz

Random Gaming or Soccer Quiz

Football video games by picture Quiz Stats

 Plays Quiz not verified by Sporcle

Challenge
Share
Tweet
Score 0/10 Timer 03:00
1 Play Today
% Correct
FIFA
93.3%
FIFA Street
79.8%
Football Manager
63%
Pro Evolution Soccer 6
58.8%
Sensible Soccer
42%
FIFA 97
35.3%
Super Mario Strikers
22.7%
Championship Manager
21.8%
Kick Off
14.3%
European Club Soccer
3.4%

You're not logged in!

Compare scores with friends on all Sporcle quizzes.
Join for Free
OR
Log In

You Might Also Like...

Show Comments

Extras

Top Quizzes Today


Score Distribution

Your Account Isn't Verified!

In order to create a playlist on Sporcle, you need to verify the email address you used during registration. Go to your Sporcle Settings to finish the process.

Report this User

Report this user for behavior that violates our Community Guidelines.

Details: